000 00903nam a2200277Ia 4500
003 GCL
008 140319s9999 xx 000 0 ara d
040 _aGCL /
_cGCL
082 0 4 _a414
_bى ت
100 1 _aيوسف حسن نوفل
245 1 0 _aتطور لغة الحوار : فى المسرح المصرى المعاصر /
_cيوسف حسن نوفل
260 _a[S.N] :
_bدار النهضة العربية ،
_c1985
300 _a427 ص
490 _a
650 0 4 _aالشعر العربى
650 0 4 _aالادب العربى
650 0 4 _aمصر
650 0 4 _aالمسرحية العربية
650 0 4 _aاللغة العربية
650 0 4 _aالحبكة الروائية
650 0 4 _aالبلاغة العربية
650 0 4 _aالعروض والقوافى
650 0 4 _aالحوار فى الادب العربى
650 0 4 _aتاريخ ونقد
942 _2ddc
_cBK
999 _c36966
_d36966